Da reforma administrativa constitucional / (Record no. 1208)

MARC details
000 -LÍDER
Campo Fixo de Controle 00755nam a2200241 a 4500
001 - NÚMERO DE CONTROLE
Campo de Controle 1208
003 - IDENTIFICAÇÃO DO NÚMERO DE CONTROLE
Campo de Controle BR-CuiBMT
005 - DATA E HORA DA ÚLTIMA ATUALIZAÇÃO
Campo de Controle 20231201122709.0
008 - DADOS FIXOS
Dados Fixos 231123s1999 rjb 001 0 por d
020 ## - INTERNATIONAL STANDARD BOOK NUMBER
Nº do ISBN 8571471215
040 ## - AGÊNCIA CATALOGADORA
Código da Agência Catalogadora BR-CuiBMT
Agência que transcreveu o registro BR-CuiBMT
080 ## - Nº DA CLASSIFICAÇÃO DECIMAL UNIVERSAL
Nº edição CDU 2007
Nº Class. CDU 351.9
090 ## - NÚMERO DE CHAMADA
Nº classificação 351.9
Cutter P436d
100 1# - ENTRADA PRINCIPAL -- AUTOR PESSOAL
Nome pessoal Pereira Junior, Jessé Torres
245 10 - TÍTULO PRINCIPAL
Título principal Da reforma administrativa constitucional /
Indicação de responsabilidade Jessé Torres Pereira Júnior.
260 ## - PUBLICAÇÃO, DISTRIBUIÇÃO, ETC.
Local de publicação Rio de Janeiro :
Editora Renovar,
Data 1999.
300 ## - DESCRIÇÃO FÍSICA
N. páginas ou volumes 492 p. ;
Dimensões 23 cm
504 ## - NOTA DE BIBLIOGRAFIA, ETC.
Nota de bibliografia Inclui bibliografia e índice.
610 14 - ASSUNTO -- ENTIDADE
Nome da Entidade ou lugar Brasil.
Título da publicação [Constituição (1988)]
650 ## - ASSUNTO TÓPICO
Cabeçalho tópico ou nome geográfico Organização administrativa
Subdivisão geográfica Brasil
650 ## - ASSUNTO TÓPICO
Cabeçalho tópico ou nome geográfico Reforma administrativa
Subdivisão de forma Legislação
Subdivisão geográfica Brasil
942 ## - ELEMENTOS DE ENTRADA ADICIONAIS (KOHA)
Fonte de classificação ou esquema de arquivamento Classificação Decimal Universal
Tipo de item do Koha Livros
Holdings
Estado: removido Estado: perdido Fonte de classificação ou esquema de arquivamento Estado: danificado Indisponível para empréstimo Localização permanente Localização atual Data de aquisição Total Checkouts Número de Chamada completo Código de barras Date last seen Número do exemplar Preço efetivo a partir de Tipo de item (Koha)
    Classificação Decimal Universal     Biblioteca da Escola Superior de Contas do TCE/MT Biblioteca da Escola Superior de Contas do TCE/MT 01/12/2023   351.9 P436d BIBTCEMT23120009 01/12/2023 Ex. 1 01/12/2023 Livros

Powered by Koha